Handbook of marketing management (Record no. 86659)

MARC details
000 -LEADER
fixed length control field 00561nam a2200217Ia 4500
008 - FIXED-LENGTH DATA ELEMENTS--GENERAL INFORMATION
fixed length control field 230125s9999 xx 000 0 und d
020 ## - INTERNATIONAL STANDARD BOOK NUMBER
International Standard Book Number 81-86314-20-2
041 ## - LANGUAGE CODE
Language code of text/sound track or separate title eng
082 ## - DEWEY DECIMAL CLASSIFICATION NUMBER
Classification number 658.8
Item number VAR
100 ## - MAIN ENTRY--PERSONAL NAME
Personal name Varkey V O
9 (RLIN) 109984
245 ## - TITLE STATEMENT
Title Handbook of marketing management
250 ## - EDITION STATEMENT
Edition statement 3rd ed
260 ## - PUBLICATION, DISTRIBUTION, ETC. (IMPRINT)
Date of publication, distribution, etc. 1997
Name of publisher, distributor, etc. Everest Publishing house
Place of publication, distribution, etc. Pune
300 ## - PHYSICAL DESCRIPTION
Extent 192p
500 ## - GENERAL NOTE
Keywords Marketing handbook
500 ## - GENERAL NOTE
Keywords marketing management
650 ## - SUBJECT ADDED ENTRY--TOPICAL TERM
Topical term or geographic name as entry element Marketing Management
700 ## - ADDED ENTRY--PERSONAL NAME
Personal name Varkey V O
9 (RLIN) 109984
906 ## - LOCAL DATA ELEMENT F, LDF (RLIN)
b 14
Holdings
Withdrawn status Lost status Damaged status Not for loan Home library Current library Date acquired Vendor Cost, normal purchase price Bill number Full call number Barcode Date last seen Cost, replacement price Bill Date Koha item type Original Barcode
Withdrawn       Smt. Hiraben Nanavati Institute of Management & Research for Women Smt. Hiraben Nanavati Institute of Management & Research for Women 12/06/1997 Varma Book Distributor 95.00 113 658.8 VAR B00282 HIMR-BK-282 25/01/2023 81.00 12/06/1997 Books B00282
Withdrawn       Smt. Hiraben Nanavati Institute of Management & Research for Women Smt. Hiraben Nanavati Institute of Management & Research for Women 01/04/1998 Everest publisher 100.00 2737/28.03.98 658.8 VAR B00973 HIMR-BK-973 25/01/2023 85.00 01/04/1998 Books B00973
Withdrawn 2022-23       Smt. Hiraben Nanavati Institute of Management & Research for Women Smt. Hiraben Nanavati Institute of Management & Research for Women 02/10/1998 Pradeep Book Depot 75.00 4301/24.09.98 658.8 VAR B01260 HIMR-BK-1260 25/01/2023 64.00 02/10/1998 Books B01260